• 首页
  • 本馆介绍
  • 公告通知
  • 最新文献
  • 馆藏检索
  • 电子资源
  • 读者导购
  • 参考咨询
  • 我的图书馆
  • 登录
  • 详细信息显示
  • 放入我的书架
  • 预约/预借图书
  • 作者相关作品
  • 分类相关作品
  • 丛书相关作品
  • 出版社相关作品

书目信息

  • 表格格式
  • 工作单格式
  • 卡片格式
题名:
体育心理学
    
 
作者: ;高师体育系《体育心理学》教材编写组 编
分册:  
出版信息:    1983
页数: 359页
开本: 20cm
丛书名:
单 册:
中图分类: G804.8
科图分类:
主题词: 体育理论
电子资源:
ISBN:
000 00615nam0 2200181 450
001 0756991420
005 20070930155201.39
100    @a20070930d1983 km y0chiy0120 ea
101 0  @achi
200 1  @a体育心理学@Ati yu xin li xue@f高师体育系《体育心理学》教材编写组编@Fgao shi ti yu xi《ti yu xin li xue》jiao cai bian xie zu bian
210    @d1983
215    @a359页@d20cm
300    @a高师体育系试用教材
606 0  @a体育理论
690    @aG804.8@v3
711  0 @a高师体育系《体育心理学》教材编写组@Agao shi ti yu xi《ti yu xin li xue》jiao cai bian xie zu@4编
801  0 @aCN@bPFT@c20070930
905    @a10447@dG804.8@e334
    
    体育心理学/高师体育系《体育心理学》教材编写组编.-1983
    359页;20cm
    高师体育系试用教材
    
    ISBN :
    
●
相关链接 在E读中查询图书 在五车中查询图书 在当当中查询图书 在豆瓣中查询图书


正题名:体育心理学     索取号:G804.8/334         预约/预借

序号 登录号 条形码 馆藏地/架位号 状态 备注
1 626270   206262701   密集书库/ [索取号:G804.8/334] 在馆    
唐山师范学院图书馆 欢迎您!
大连网信软件有限公司© 版权所有